000
00213 a2200097 4500
001
15823
100
_a
Hnatek, E R
245
_a
User's Guide Book to digital
260
_a
_b
Mc Graw Hill
_c
090
_c
12373
_d
12373
942
_a
NUST-CAE
_c
M
_c
2640
999
_c
250896
_d
250896